Debut Albums by Picture - Statistics

General Stats
  • This quiz has been taken 35 times
  • The average score is 4 of 16
Answer Stats
Picture Answer % Correct
Appetite for Destruction
61%
Bleach
58%
Kill 'Em All
58%
Please Please Me
52%
The Fame
48%
Licensed to Ill
23%
Pretty Hate Machine
16%
Selected Ambient Works 85–92
13%
The Piper at the Gates of Dawn
13%
Got to Be There
6%
Shades of Deep Purple
6%
Empty Sky
3%
Ring Ring
3%
Rocka Rolla
3%
Never Mind the Bullocks, Here's the Sex Pistols
0%
Yo Bum Rush the Show
0%
No matching quizzes found
Score Distribution
Percent of People with Each Score
Percentile by Number Answered
Your Score History
You have not taken this quiz